[Event "Veliko Gradiste Silver Lake op-A"]
[Site "Veliko Gradiste"]
[Date "2015.06.24"]
[Round "5"]
[White "Atalik, Suat"]
[Black "Kovacevic, Aleksandar"]
[Result "1/2-1/2"]
[WhiteElo "2551"]
[BlackElo "2487"]
[Annotator "Atalik,S"]
[PlyCount "53"]
[EventDate "2015.06.20"]
[EventType "swiss"]
[EventRounds "9"]
[EventCountry "SRB"]
[SourceTitle "EXT 2016"]
[Source "ChessBase"]
[SourceDate "2015.10.08"]
[SourceVersion "1"]
[SourceVersionDate "2015.10.08"]
[SourceQuality "1"]

1. d4 Nf6 2. c4 e6 3. Nc3 Bb4 4. e3 O-O 5. Bd3 d5 6. Nf3 c5 7. O-O dxc4 8. Bxc4
cxd4 (8... Nbd7 {is more popular but Aca Kovacevic most likely does not like}
9. a3 Ba5) 9. exd4 Nbd7 10. Bb3 $5 {After double pawn exchange we have a QGA
rather than a Nimzo thus the move made sens.} (10. a3 $6 Bxc3 11. bxc3 Qc7 {
provides Black some tempi ahead of his regular agenda in known lines.}) 10...
b6 (10... Nb6 11. Ne5 Bd7 12. Qf3 $14) 11. Bg5 (11. d5 Nc5) 11... Ba6 $5 $146 (
11... Bb7 12. Rc1 Rc8 13. Ne5 Nxe5 14. dxe5 Qxd1 15. Rfxd1 Bxc3 16. Rxc3 $14 {
is what I have planned.}) 12. Re1 Rc8 13. Ne5 $6 {After this everything is
forced and it really means that the move gives Black an easy equality. I have
to admit that since the text is the most natural move and direct move, I have
missed something terribly simple down in the line.} (13. Rc1 $142 Be7 $13)
13... Nxe5 (13... Bxc3 14. bxc3 Rxc3 $2 15. Nxd7 Qxd7 16. Bxf6 gxf6 17. Qg4+
Kh8 18. d5 $16) 14. dxe5 Qxd1 15. Raxd1 Bxc3 16. bxc3 Nd5 17. Bxd5 exd5 18.
Rxd5 Rxc3 19. Rd7 Ra8 $1 {Believe or not I have missed this.} (19... Bc4 20.
Rxa7 $16) 20. e6 (20. f4 $6 h6 21. Be7 Rc2 $40) 20... fxe6 21. Rxe6 (21. f4 $6
Bb5) 21... Rd3 $1 $11 (21... Bb5 22. Rb7 (22. Rde7) 22... Bc6 23. Rbe7 $40) 22.
Rxd3 (22. Ree7 Rxd7 23. Rxd7 Bc4) 22... Bxd3 23. Rd6 Bb5 (23... Bc4 24. a3 b5
$11) 24. h4 Rc8 25. Be3 Rc7 (25... Rc4 26. Rd4) 26. Kh2 (26. g4 Rc4 27. Rd4 $11
) 26... Rd7 27. Rxd7 {Nothing to write home about!} (27. Rxd7 Bxd7 $11) 1/2-1/2

[Event "Golden Sands Europe op 1st"]
[Site "Golden Sands"]
[Date "2012.06.12"]
[Round "9"]
[White "Atalik, Suat"]
[Black "Swapnil, S Dhopade"]
[Result "1-0"]
[WhiteElo "2608"]
[BlackElo "2445"]
[Annotator "Atalik,S"]
[PlyCount "73"]
[EventDate "2012.06.04"]
[EventType "swiss"]
[EventRounds "9"]
[EventCountry "BUL"]
[SourceTitle "CBM 149"]
[Source "ChessBase"]
[SourceDate "2012.07.17"]
[SourceVersion "1"]
[SourceVersionDate "2012.07.17"]
[SourceQuality "1"]

1. d4 Nf6 2. c4 e6 3. Nc3 {I should always stick to this move.} Bb4 4. e3 O-O (
4... c5 5. Bd3 Nc6 6. Nf3 Bxc3+ 7. bxc3 d6 8. O-O e5 9. Nd2 O-O 10. Rb1 b6 11.
h3 Bd7 12. f4 $5 {is very enterprising.}) 5. Bd3 d5 6. Nf3 c5 7. O-O cxd4 (7...
Nc6 8. a3 Bxc3 9. bxc3 Qc7 (9... dxc4 10. Bxc4 Qc7 11. h3 e5 (11... b6 12. Bb2
e5 (12... Bb7 13. Qe2 e5 14. Rfd1 Rad8 15. Rac1 $14) 13. Qe2 e4 (13... Bb7 14.
Rfd1) 14. Nd2 Na5 15. Ba2 c4 16. a4 Be6 17. Ba3 Rfc8 18. Rfb1 Qc6 19. Qd1 $14)
12. Bb2 Bf5 13. Qe2 Rad8 (13... Rfe8 14. Rad1 $5 (14. Rfd1 e4 15. Nd2 Bg6 16.
Rdc1 $14)) (13... e4 14. Nd2 Rac8 15. Ba2 Rfd8 16. Rfd1 (16. Rad1 $5) 16... Qe7
17. Rac1 $14) (13... a6 14. a4 Rfe8 15. Ba2 $14) 14. Rad1 (14. Rfd1 e4 15. Nd2
Bg6 16. Rdc1 $13) 14... e4 15. Nd2 Rfe8 16. f3 exf3 17. Rxf3 $13)) (7... dxc4
8. Bxc4 b6 (8... Nbd7 9. Qe2 b6 10. Rd1 cxd4 11. exd4 Bxc3 12. bxc3 Bb7 13. Bb3
Qc7 14. c4 Rfe8 15. Bb2 $14) 9. Qe2 Bb7 10. Rd1 cxd4 11. exd4 Bxc3 12. bxc3
Nbd7 13. Bb3 Qc7 14. c4 {transposes.}) 8. exd4 dxc4 9. Bxc4 b6 {Swapnil goes
for Karpov's line.} 10. Bg5 (10. Qe2 Bb7 11. Rd1 Bxc3 12. bxc3 Qc7 13. Bd2 Nbd7
14. Bd3 Rfe8 15. Re1 Rac8 16. a4 $13 {is not as effective as the other lines
with Bd2.}) 10... Bb7 11. Re1 (11. Rc1 $5 Nc6 $1) 11... Nbd7 (11... Nc6 12. Qd3
$1 {and Re1 fits better in this set up.}) 12. Rc1 Rc8 (12... Re8 13. Qb3) 13.
Qb3 {I have gone for the sharper line but things are not so simple there
either.} (13. Bd3 Re8 14. Qe2 Bxc3 15. bxc3 Qc7 16. c4 h6 17. Bd2 Bxf3 18. Qxf3
e5 {The famous plan by Karpov.} 19. d5 Nc5 20. Bc2 e4 21. Qf5 $13) 13... Bxc3
$6 {The seemingly losing line is the best} (13... Be7 {with} 14. Bh4 (14. Ne5
Nxe5 15. dxe5 Nd7 16. Bxe7 Qxe7 17. Nb5 Qg5 18. Qg3 Qxg3 19. hxg3 Ba6 20. Nd6
Bxc4 21. Rxc4 Rxc4 22. Nxc4 Rc8 23. Rd1 Rc7 24. f4 $11) (14. Bxf6 Nxf6 (14...
Bxf6 15. Nb5 Bxf3 16. Qxf3 a6 17. Na7 $5 (17. Nd6 Rc7 18. Nxf7 Rxf7 19. Bxe6
Nf8 20. Rxc7 Qxc7 21. Bxf7+ Qxf7 22. d5 Bxb2 23. Qd3 b5 24. Qd2 Bf6 25. d6 $13)
17... Rc7 18. Nc6 Qc8 19. Bd3 $36) 15. Bxe6 Rc7 $1 (15... fxe6 $2 16. Qxe6+ Kh8
17. Qxe7 Bxf3 18. gxf3 Qxd4 19. Nb5 Qxb2 20. Rxc8 Rxc8 21. Nd6 $18) 16. Ng5
Qxd4 (16... Bd6 17. Nb5 Re7 18. Nxd6 Qxd6 19. Bc4 Qf4 20. Qg3 Qd2 21. Red1 Qxb2
22. Qd3 $14) 17. Nxf7 Bc5 18. Nd6+ Kh8 19. Nxb7 Qxf2+ 20. Kh1 Rxb7 21. Qc4 $11)
14... a6 15. a4 Nh5 16. Bg3 Nxg3 17. hxg3 {I am surprised why this setup is
never tried.} Nf6 $140 $2 18. Bxe6 $18) (13... Qe7 14. Bd5) 14. Rxc3 h6 15. Bh4
Bd5 (15... Qe8 16. Qa3 (16. Nd2 Nd5 17. Rcc1 N7f6 $132) 16... a6 (16... Bd5 17.
Nd2) 17. Nd2 b5 18. Bf1 Nd5 19. Ne4 $5 $40) 16. Nd2 (16. Bxd5 Rxc3 17. bxc3 (
17. Qxc3 Nxd5 18. Bxd8 Nxc3 19. Bxb6 Nxa2 20. Bxa7 Ra8 21. Bc5 Nxc5 22. dxc5
Ra5 $11) 17... exd5 18. c4 dxc4 19. Qxc4 Qc8 $11 {does not seem to pose any
problems for the second player.}) 16... Bxc4 $146 (16... Rc6 17. Qa4 $40 (17.
Qa3 Bxc4 18. Nxc4 Qa8 19. Bxf6 Nxf6 20. Ne5 Rxc3 21. bxc3 $13)) (16... a6 17.
a4 Rc6 18. Bxd5 Rxc3 19. bxc3 exd5 20. c4 Re8 21. Re3 $13) 17. Nxc4 Qc7 {
A risky plan by my talented opponent.} 18. Bg3 Qb7 19. Nd6 (19. Bd6 $2 Rfe8 20.
Ba3 Ne4 21. Rcc1 b5 $17 {misplaces the bishop for no reason at all.}) 19...
Rxc3 20. bxc3 Qc6 (20... Qd5 21. Qa4 $1 {I thought that this should give me an
advantage because of Black's knights.} a6 22. Qxa6 Ra8 23. Qd3 Rxa2 24. c4 Qa5
25. Rd1 Nh5 $11) 21. c4 Rd8 22. Rd1 Nf8 (22... Qa8 $5 {This was suggested by
Swapnil after the game.} 23. d5 Nc5 24. Qf3 $14) 23. d5 Qd7 $1 {There is no
need to exchange the pawns.} (23... exd5 $6 24. cxd5 Qd7 25. h3 {transposes
into the game.} (25. Qf3 Qg4 26. Qxg4 Nxg4 27. f3 Nf6 28. Nf5 $13)) 24. h3 (24.
Qf3 $2 Qc7 $1 (24... exd5 25. cxd5 Qg4 {is what I had thought of as an
equaliser but...} 26. Qxg4 Nxg4 27. f3 Nf6 28. Nf5 $16) 25. Ne4 Qxc4 26. Nxf6+
gxf6 $17 {is unexpectedly better for Black.}) 24... exd5 $6 {No need to go for
this exchange period!} (24... Ng6 25. Nb5 $5 $13 (25. Qf3 e5 26. Ne4 Nxe4 27.
Qxe4 f5 28. Qc2 e4 29. d6 {was my intention.})) 25. cxd5 Ng6 26. Qf3 b5 $5 ({
I was expecting to play a R vs 2 minor pieces endgame:} 26... Ne7 27. a3 Nexd5
28. Rxd5 Nxd5 29. Qxd5 Qe6 30. Qb7 $5 $16) 27. a3 (27. Rb1 Qe7 (27... a6 28. a4
Qe7 29. Nf5 Qe4 30. Qxe4 Nxe4 31. axb5 axb5 32. d6) 28. Nf5 Qb7 (28... Qe4 $2
29. Qxe4 Nxe4 30. Rxb5 Nc3 31. Rb8 Rxb8 32. Bxb8 $18) 29. Nxh6+ Kh7 30. Nf5
Rxd5 31. Ne3 Rd7 32. Qf5 $16) 27... a6 28. Rd3 $2 (28. Nf5 Kh7 29. d6 Re8 30.
Ne3 $16) 28... Ne7 $2 $138 {Here my opponent's time management started to have
an impact on his game.} (28... Qe7 $1 29. Qe3 Nh5 $17) 29. Be5 $1 $16 Qa7 $2 {
A very bad move this time.} (29... Nexd5 30. Rxd5 Nxd5 31. Qxd5 Qe6 32. Qc5) (
29... a5 30. Rd4 Nexd5 (30... b4 $2 31. Rg4 $3 $18) 31. Rxd5 Nxd5 32. Qxd5 b4
33. Qxa5 bxa3 34. Qxa3 Qe6 35. Qc5 f6 36. Bg3 $16 {Once Lasker defended this
against Capa without the queens. However with the queens on the board, White
may have more chances.}) 30. Qg3 $6 {I had many pleasant choices but I did not
come up with the strongest one.} (30. Nf5 $142 $1 Nxf5 (30... Rxd5 31. Nxh6+
$18) 31. Bxf6 gxf6 32. Qxf5 $18) (30. Bxf6 Rxd6 31. Be5 Rd7 32. d6 Ng6 33. Bg3
$16) 30... Nh5 (30... Ng6 31. Bxf6 gxf6 32. Nf5 $18) 31. Qg4 g6 $2 (31... Ng6
32. Qxh5 Nxe5 33. Qxe5 Qc7 34. Rg3 g6 35. Nxf7 Qxf7 36. d6 $18 {should win
easily because of the passer's strength and Black's kingside weaknesses.}) 32.
Nxf7 $1 (32. Rf3 $2 Rf8 33. Nxf7 Rxf7 34. Qe6 Nf5 35. Qxg6+ Nfg7 36. Re3 $44)
32... Kxf7 33. Qe6+ {I had an even better line.} (33. Rf3+ $142 $1 Nf5 (33...
Ke8 34. d6) 34. Rxf5+ gxf5 35. Qxh5+ Ke7 36. Qxh6 $18) 33... Ke8 34. d6 $18 Rd7
(34... Qd7 35. dxe7 Qxd3 36. exd8=Q+ Kxd8 37. g4 {wins the knight.} Qxh3 38.
Bd6 $18) (34... Qb7 35. dxe7 $18) {I again missed the best move:} 35. dxe7 (35.
Rf3 $142 $1 $18 {wins on the spot!}) 35... Rxd3 36. Qxg6+ Kxe7 37. Qh7+ ({
should even be winning because of the offside Nh5:} 37. Qxd3 Qd7 38. Qg6 $18) (
37. Qh7+ Ke6 38. Qxa7 Kxe5 39. Qc5+ Rd5 40. Qe3+ $18) 1-0

[Event "Burgas Black Sea"]
[Site "Burgas"]
[Date "2012.09.17"]
[Round "8"]
[White "Nisipeanu, Liviu Dieter"]
[Black "Atalik, Suat"]
[Result "1-0"]
[WhiteElo "2648"]
[BlackElo "2603"]
[Annotator "Atalik,S"]
[PlyCount "101"]
[EventDate "2012.09.12"]
[EventType "tourn"]
[EventRounds "10"]
[EventCountry "BUL"]
[EventCategory "18"]
[SourceTitle "CBM 151"]
[Source "ChessBase"]
[SourceDate "2012.11.13"]
[SourceVersion "1"]
[SourceVersionDate "2012.11.13"]
[SourceQuality "1"]

1. d4 Nf6 2. c4 e6 3. Nf3 d5 4. Nc3 Bb4 {Ragozin?} 5. e3 {No, Nimzo!} O-O 6.
Bd3 dxc4 $5 (6... c5 7. O-O Nc6 8. cxd5 exd5 9. dxc5 {I wanted to avoid this
line.} Bxc5 10. h3 (10. b3 Bg4 11. Bb2 Qe7 12. h3 Be6 $132 {Even with the
tempo down the position is not simple for White.}) 10... Be6 11. b3 Qe7 12. Bb2
Rad8 $13) 7. Bxc4 c5 8. O-O Nc6 9. Bd3 (9. a3 Bxc3 10. bxc3 Qc7 $13 {
transposes to the main line of this Nimzo branch.}) 9... Qe7 10. Ne4 cxd4 11.
exd4 h6 $1 {Played by the great Eliskases!} 12. a3 Ba5 (12... Bd6 $5 {was
played by him against Don Miguel.} 13. Re1 Rd8 14. b4 {Alas there is no
pressure on d4.}) 13. b4 Bb6 14. Bb2 Rd8 15. Ng3 $2 ({The anti-positional
looking} 15. Nc5 $1 Bxc5 16. dxc5 e5 17. Qe2 $1 Rxd3 18. Qxd3 e4 19. Bxf6 gxf6
20. Qe3 exf3 21. Qxf3 Be6 $13 {was the best.}) 15... Qd6 16. Ne2 Bd7 17. b5 Ne7
18. a4 Qb8 19. Ne5 Ned5 20. Qd2 Bc7 21. Ra3 Bd6 22. Rb3 Be8 23. Nf4 Qc7 24. Bb1
Nb6 $3 {I am really proud of this weird looking move which cost me half an
hour.} (24... Bxe5 25. dxe5 Qc4 26. Nxd5 (26. Qc2 $2 Qxc2 27. Bxc2 Nxf4 28.
exf6 Ne2+ 29. Kh1 Nd4 30. Bxd4 Rxd4 $17) 26... Nxd5 27. Qd3 Qxd3 28. Bxd3 Rac8
$11) 25. Qe2 $2 {There is no real attack after the pawn sacrifice.} (25. Rc1
Qe7 26. Qa5 Nfd5 27. Nxd5 Nxd5 28. Qd2 Rac8 $36) 25... Nxa4 26. Ba1 Nb6 27. Rg3
Nbd5 28. Nxd5 Nxd5 $17 (28... exd5 $5 {was also possible but the text is
better.}) 29. Qd2 Kh8 30. Rc1 Qe7 31. Rh3 f5 32. Ba2 Bxe5 33. dxe5 Kg8 $5 {
Too cautious!} (33... Bxb5 $142 34. Rxh6+ gxh6 35. Qxh6+ Qh7 36. Qxe6 Bc6 37.
Rd1 Qh5 38. Rd3 Re8 39. Qd6 Rad8 40. e6+ Kh7 41. Qe5 Nf6 42. Bd4 Rxd4 43. Qxd4
Qg5 $19) 34. Rb1 Rac8 35. Rd3 (35. Bd4 Bxb5 36. Rxb5 Nf4 $19) 35... Rc5 36. Qa5
$2 {He should try to keep the b-pawn.} (36. b6 axb6 37. Bd4 Rcc8 $17) 36... b6
37. Qa3 Nf4 (37... Bxb5 38. Rxb5 Rc3 $3 {is really beautiful.} 39. Rxc3 (39.
Rbxd5 Rxa3 40. Rxd8+ Kh7 $19) 39... Nxc3 $19) (37... Qb7 $5) 38. Rd6 $1 {
The only chance.} Rxd6 (38... Qg5 $2 39. g3) (38... Bxb5 $142 39. Rbd1 Rxd6 40.
exd6 Qg5 41. Qf3 Rc1 $3 $19 {checkmates!}) (38... Rxb5 $2 39. Rxb5 Bxb5 40. g3
$132) 39. exd6 Qxd6 (39... Qg5 40. g3 Rc2 41. Qxa7 Bh5 $19) 40. Qxa7 Bd7 41.
Qa8+ Kh7 42. Qf3 Bxb5 $2 $138 {The first move he missed.} (42... Qd2 $1 $19 {
was the simplest.} 43. Rf1 Rc1) 43. h3 e5 $4 {However this was ridiculous.} ({
Of course I saw} 43... Bc6 {but with 1 minute on my clock I tried to calculate
and then gave up simple winning lines.} 44. Qd1 (44. Rd1 Bxf3 45. Rxd6 Rc1+ 46.
Kh2 Rxa1 $19) (44. Qe3 Be4 $19) 44... Qe7 (44... Qxd1+ 45. Rxd1 Bxg2 $19)) (
43... Qd2) (43... Ne2+ 44. Kh1 Qd2 (44... Nc1 $2 45. Rxb5 Rxb5 46. Qc3 Qd1+ 47.
Kh2 e5 48. Be6 Qg1+ 49. Kxg1 Ne2+ 50. Kf1 Nxc3 51. Bxc3 g6 52. Ke2 $44) (44...
Rc1+ 45. Rxc1 Nxc1 46. Qc3 $18) 45. Bxe6 Bd3 (45... Rc1+ $2 46. Kh2 Qd6+ 47. g3
Qxe6 48. Rxc1 Nxc1 49. Qc3 $15) 46. Rf1 Be4 47. Qa3 Qg5 $19) 44. Rd1 Qg6 $4 {
Another terrible move!} (44... Ne2+ 45. Kh2 Nd4 $17) (44... Qc6 45. Qxc6 Bxc6
46. Bb1 Be4 (46... Bxg2 47. Bxf5+ g6 48. Bb1 Bxh3 49. Re1 Bg4 50. Kh2 $132) 47.
Bxe4 fxe4 48. Kh2 $17) (44... Be2 45. Rxd6 Bxf3 46. Bxe5 Rxe5 47. gxf3 b5 $17 (
47... Nxh3+ 48. Kh2 Nf4 49. Rxb6 h5 $17)) (44... Qc7 45. Qa8 Bc4 46. Bxc4 Rxc4
47. Kh2 e4 $19) 45. Rd8 Qf6 $4 {Still I could have aimed for a superior
position. I really succeeded in losing this game!} (45... Qg5 46. Bg8+ Kh8 47.
Rf8 $1 (47. Ra8 Bc6 $19) (47. Rb8 e4 $19) (47. Qa8 Nxh3+ 48. Kh2 Qf4+ 49. g3
Qxf2+ 50. Qg2 Qxg2+ 51. Kxg2 Rc2+ 52. Kh1 Rc1+ 53. Kh2 Rxa1 $19) 47... Ng6 (
47... e4 48. Bc4+ Kh7 49. Bg8+ Kg6 50. Bf7+ Kh7) 48. Rb8 Ne7 $1 $17) (45... Ne6
46. Rd6 Ng5 (46... e4 47. Qa3 Bc4 48. Qxc5 bxc5 49. Bxc4 Qg5 50. Bxe6 Qc1+ 51.
Kh2 Qf4+) 47. Bg8+ Kh8 48. Rxg6 Nxf3+ 49. gxf3 Kxg8 50. Rxb6 f4 $17) 46. Bg8+
$18 Kh8 (46... Kg6 47. Qg3+ Kh5 48. Qxf4 exf4 49. Bxf6 $18) 47. Qa8 Rc1+ 48.
Kh2 g5 (48... Rxa1 49. Bf7+ $18 {checkmates!}) 49. Bc4+ Kg7 50. Rd7+ Kg6 51.
Qe8+ {This really hurts!} 1-0

[Event "SRB Central-ch op-A 7th"]
[Site "Paracin"]
[Date "2014.07.10"]
[Round "8"]
[White "Atalik, Suat"]
[Black "Chandra, Akshat"]
[Result "0-1"]
[WhiteElo "2550"]
[BlackElo "2442"]
[Annotator "Atalik,S"]
[PlyCount "124"]
[EventDate "2014.07.04"]
[EventType "swiss"]
[EventRounds "9"]
[EventCountry "SRB"]
[SourceTitle "CBM 163"]
[Source "ChessBase"]
[SourceDate "2014.11.11"]
[SourceVersion "1"]
[SourceVersionDate "2014.11.11"]
[SourceQuality "1"]

1. d4 Nf6 2. c4 e6 3. Nc3 Bb4 4. e3 O-O 5. Bd3 d5 6. Nf3 c5 7. O-O cxd4 (7...
Nbd7 8. cxd5 exd5 9. a3 Ba5 $6 (9... Bxc3 10. bxc3 $14) 10. b4 $1 cxb4 11. Nb5
a6 12. Qb3 $1 bxa3 13. Nd6 $44 {is quite clear.}) ({But I am always curious
about the differences between} 7... dxc4 8. Bxc4 Nbd7 {and the game
continuation named Karpov's line.} 9. a3 cxd4 (9... Ba5 10. Qe2 a6 11. Bd3 b5
12. b4 cxd4 13. exd4 Bc7 14. a4 bxa4 15. Nxa4 $14) (9... Bxc3 10. bxc3 b6 11.
Bd3 Bb7 12. Re1 Ne4 (12... Be4 13. Bf1 Qc7 14. Nd2 Bb7 15. Bb2 e5 16. e4 $14)
13. Bb2 f5 14. c4 Qf6 15. Bf1 $14) 10. axb4 dxc3 11. bxc3 Qc7 12. Qb3 Nb6 13.
Be2 e5 14. Ra5 Be6 15. Qc2 Nbd7 16. c4 b6 17. Ra6 Rfc8 18. Nd2 $14) 8. exd4
dxc4 9. Bxc4 b6 {Karpov's line which brought him several success in 70's.} (
9... a6 10. a4 Nc6 11. Bg5 h6 12. Bh4 Be7 13. Re1 $14) 10. Bg5 Bb7 11. Re1 Nbd7
(11... Nc6 12. Qd3 $14) 12. Rc1 Rc8 13. Qb3 {Walter Browne's move about which
I am not that happy anymore.} Be7 (13... Qe7 $2 14. Bd5 $1 {with that in
Browne-Ljubojevic, Tilburg 1978, White gained some the upper hand and the line
some popularity.}) (13... Bxc3 14. Rxc3 h6 15. Bh4 Bd5 16. Nd2 $14 {Atalik,
S-Swaphil,Golden Sands 2012. I have heavily analysed this game for ChessBase
and in my notes for that I have even mentioned an unimportant novelty which
gave directions for this game.}) 14. Bh4 $5 $146 {My suggested novelty in the
notes of my above mentioned game. The peculiar thing is that my opponent
played very fast and correct after the obscure move. The important point is
that I myself did not know that I was going to play a Rubinstein Nimzo-Indian
one day before the encounter. I should add the Indian kid's father sitting on
the foye of the hotel with his back and his computer screen always turned
towards the tournament venue's entrance which people used to head to the
restrooms. The last but not the least the guy even visited the hall having
plam manager type ipods, ipads etc...} ({As one could guess I equally dislike
both alternatives after} 14. Bxf6 $6 Nxf6 (14... Bxf6 15. Nb5 Bxf3 16. Qxf3 a6
(16... Bg5 17. Rc2) 17. Nd6 Rc7 18. Nxf7 Rxf7 19. Bxe6 Nf8 20. Bb3 Kh8 21. Bxf7
Rxf7 $13) 15. Bxe6 Rc7 16. Ng5 Qxd4 17. Nxf7 Bc5 18. Nd6+ Kh8 19. Nxb7 Qxf2+
20. Kh1 Rxb7 $11) 14... Bxf3 15. gxf3 Nd5 (15... Nb8 16. Bxe6 fxe6 17. Qxe6+
Rf7 18. Bxf6 Bxf6 19. Nb5 Rxc1 20. Rxc1 Nd7 21. Nd6 Qe7 22. Rc8+ Nf8 23. Qd5 $1
$16 {results in a terrible grip.} (23. Qxf7+ $2 Qxf7 24. Nxf7 Kxf7 25. Rc7+ Ke6
26. Rxa7 Bxd4 $11)) 16. Bg3 Nxc3 17. bxc3 h5 $1 {First line of Houdini!} 18.
Ba6 (18. Rcd1 h4 19. Bf4 Bg5 20. Bd6 Bd2 $5) 18... h4 19. Bf4 $5 {Tournament
sake this is a terrible decision. I had to go for the solid line I have
calculated correctly over the board.} (19. Bxc8 hxg3 20. Bxd7 gxf2+ 21. Kxf2
Bh4+ 22. Ke2 $1 (22. Kf1 $2 Bxe1 23. Bxe6 Bd2 24. Rc2 Qg5 25. Bd5 Qe3 26. c4
Qe1+ 27. Kg2 Re8 $19) 22... Bxe1 23. Bxe6 Bh4 (23... Re8 24. Rxe1 Rxe6+ 25. Kd1
Rxe1+ 26. Kxe1 Qh4+ 27. Kf1 Qxh2 28. Qd5 $11) 24. Bd5 Qg5 25. Rd1 Re8+ (25...
g6 26. Kd3 $13) 26. Be4 g6 27. Kd3 Kg7 28. Kc2 Rc8 29. a4 $13) 19... Bg5 20.
Be3 Rc7 21. f4 (21. Kh1 Qf6 22. Be2 Bf4 23. Rg1 $13) 21... Bh6 22. Qd1 (22. d5
e5) 22... Nf6 23. c4 Qd6 $6 ({I was more concerned about} 23... Qa8 $1 {
because of the important diagonal.} 24. c5 Rd8 25. Qe2 bxc5 26. dxc5 Nd5 27.
Qf3 Nxf4 28. Qxa8 Rxa8 29. Red1 $44) 24. Qf3 $1 {I have felt relieved due to
the possibility of Bb7 in the air.} Qa3 25. Bb7 (25. Bb5 $2 Rfc8) 25... Rd8 $5
(25... Qxa2 26. c5 (26. Bc6 Rfc8 27. d5 $44) 26... Nd5 27. Bxd5 Qxd5 (27...
exd5 28. Ra1 Qb3 29. Reb1 Qd3 30. cxb6 $11) 28. Qxd5 exd5 29. cxb6 Rxc1 30.
Rxc1 axb6 31. Rb1 Rb8 32. Rb5 Kf8 33. Bd2 $1 Ke7 34. Rxd5 b5 35. Bb4+ $11) (
25... Qd3 26. Bc6 Qf5 27. h3 $13 Nh5 $140 (27... Rfc8 28. Bb7 $13) 28. Be4) 26.
Bc6 Qxa2 27. d5 exd5 28. cxd5 Qa3 29. Rcd1 Qd6 30. Bc1 $1 $44 {Typical picture
for such games and 'users', I was already getting into time trouble when the
kid from the Silicon Valley was very relaxed and even watching games from the
neighbouring boards as a result of boredom. An incredible turn of events came
up right in this moment he became quite shaky.} Nd7 $2 {Misplacing the knight .
} (30... a5 $1 31. Kh1 Rb8 32. Re5 b5 33. Bb2 $13) 31. Qg4 Nb8 $2 (31... Nf6
32. Qh3 Nh5 (32... Bxf4 $2 33. Ba3) (32... Rxc6 $2 33. dxc6 Qxd1 34. Rxd1 Rxd1+
35. Kg2 Rxc1 36. Qc8+ Kh7 37. c7 g6 38. Qd8 Nh5 39. c8=Q Nxf4+ 40. Kf3 Rxc8 41.
Qxc8 {is particularly interesting endgame but White is not in danger to lose
it.}) 33. Qxh4 Nxf4 34. Qg4 $44) 32. Bb5 $36 a6 33. Bf1 $2 {A bad move giving
him possibility to reorganize his defences.} (33. Bd3 $142 b5 34. Qxh4 Rf8 35.
Bb2 Qxf4 36. Qh3 $18 {White's initiative makes him better with his Harrwitz
bishops .Re4 is the immediate threat.}) 33... b5 34. Qxh4 b4 35. Rd3 {
Continously refusing the legacy of Daniel Harrwitz!} (35. Bb2 $142 $1 Bxf4 $140
$2 36. Bd3 Bh6 37. Be5) 35... Rdc8 (35... Rc3 $5 36. Rg3 (36. Rxc3 bxc3 37. Re3
c2 (37... Bxf4 $2 38. Rh3 Bh6 39. Bxh6 gxh6 40. Rxc3 $18) 38. Rc3 Qxd5 39. Rxc2
$11) 36... Qxd5 37. Be3 Rd6 $13) 36. Bd2 Rc2 $2 {An empty move!} (36... a5 37.
Rh3 Rc2 38. Be3 b3 39. f5 b2 40. Bxh6 Qxh6 41. Qg4 Qxh3 42. Qxh3 Rc1 43. f6
b1=Q 44. Qxc8+ Rxc8 45. Rxb1 $11) 37. Bh3 Rf8 38. Qe7 $1 Bxf4 $4 {So far
during the whole game I had some compensation, not more than that. However at
this particular moment he gave me a gift with which I could have even won the
tournament.} (38... Qxe7 39. Rxe7 a5 (39... b3 40. Rb7 b2 41. Kg2 {followed by
Bc3 I would have got rid of public enemy number one, namely the pawn on b2.})
40. Ra7 b3 41. Be3 b2 42. Rd1 g6 43. Rxa5 f5 44. Rb1 Rfc8 45. Bf1 Bg7 46. Ra7
$1 Bf6 47. Rb7 $11) 39. Qxd6 $4 $138 {Terrible blindness!} (39. Bxf4 $2 Qxf4
40. Rf1 Rc7) (39. Bxb4 $1 Qg6+ (39... Qxe7 40. Bxe7 Re8 41. d6 $18) 40. Rg3 $1
$18 {would have finished him off for good.} (40. Kh1 $4 Rxf2 41. Qxf8+ Kh7 42.
Rd2 Bxd2 43. Bxd2 Qd3 $40)) 39... Bxd6 $17 40. Re4 $2 (40. Bg5 $142) 40... a5
41. Bf4 Bxf4 (41... f5 $2 42. Bxf5 $1) 42. Rxf4 Na6 (42... g6 43. d6 Nc6 $19)
43. d6 Nc5 44. Rd1 b3 45. Bf5 Rc3 46. d7 Rd8 $19 47. Re1 Ne6 $5 {White is
totally lost in any case.} (47... Kf8 48. Rh4 Ne6 $19) 48. Bxe6 (48. Rd4 Kf8
49. Bxe6 fxe6 50. Rxe6 b2 $19) 48... fxe6 49. Rxe6 b2 (49... Rxd7 50. Rb6 Rd2
$19 {wins as well but the text is more exact.}) 50. Re8+ Kh7 51. Rxd8 b1=Q+ 52.
Kg2 Qg6+ 53. Kf1 Qb1+ 54. Kg2 Qg6+ $138 {After having won time on the clock,
Black wins easily.} 55. Kf1 Rc1+ 56. Ke2 Qc2+ 57. Kf3 Qd3+ 58. Kg2 Qd5+ 59. Kh3
Rc3+ 60. Kg4 Qg2+ 61. Kf5 Qg6+ 62. Ke5 Qg5+ 0-1